| 000 | 02070nam0a2200373 4500 | ||
|---|---|---|---|
| 001 | RU\NLR\bibl\1914147 | ||
| 005 | 20260406151529.0 | ||
| 010 |
_a978-5-85921-846-2 _9500 |
||
| 021 |
_aRU _b2012-39041 _92892 |
||
| 035 | _a(NLR Aleph) 001903662 | ||
| 090 |
_a3081656 _c3081656 |
||
| 100 | _a20120614d2011 |||y0rusy50 ca | ||
| 101 | 0 | _arus | |
| 102 | _aRU | ||
| 105 | _ay ||||||||| | ||
| 200 | 1 |
_aЭлементы идиолектной семантики в ранней лирике Н.А. Заболоцкого и проблемы перевода поэтического текста на английский язык _eмонография _fЛ.Н. Кретова _gМ-во образования и науки РФ, ФГБОУ ВПО "Новосиб. гос. пед. ун-т" |
|
| 210 |
_aНовосибирск _cПедуниверситет _d2011 |
||
| 215 |
_a198 с. _d21 |
||
| 320 | _aБиблиогр.: с. 190-198 | ||
| 600 | 1 |
_aЗаболоцкий _bН.А. _f1903 - 1958 _gНиколай Алексеевич _xЯзык и стиль _91081743 _3RU\NLR\auth\66422912 |
|
| 600 | 1 |
_aЗаболоцкий _bН. А. _f1903 - 1958 _gНиколай Алексеевич _xПереводы на английский язык _92108395 _3RU\NLR\auth\661578002 |
|
| 604 |
_1200#1$aЗаболоцкий$gНиколай Алексеевич$bН.А.$f1903 - 1958 _1235|#$aЛирика _aЗаболоцкий, Николай Алексеевич (1903 - 1958) _tЛирика _3RU\NLR\AUTH\66422909 _91081737 |
||
| 606 | 1 |
_aРусский язык _xСтилистика _91563135 _3RU\NLR\auth\66984157 |
|
| 686 | _aШ5(2=Р)7-4Заболоцкий | ||
| 686 | _aШ141.12-71Заболоцкий | ||
| 700 | 1 |
_aКретова _bЛ. Н. _gЛариса Николаевна _4070 |
|
| 702 | 1 |
_4570 _8rus _7ca _aЗаболоцкий _bН. А. _f1903-1958 _gНиколай Алексеевич _3RU\NLR\auth\775377 _9115341 |
|
| 801 | 0 |
_aRU _bNLR _c20120614 _gRCR |
|
| 801 | 1 |
_aRU _bNLR _c20120614 |
|
| 942 | _cBOOK | ||
| 980 | _aNBR | ||
| 980 | _aNB | ||